000
00302nam a22001217a 4500
008
170320b xxu||||| |||| 00| 0 eng d
041
_a
eng
080
_2
4 ED
_a
616.8
100
_a
7
101
_a
SHM
245
_a
AN INTRODUCTION TO NEUROGENIC COMMUNICATION DISORDERS
_c
BROOKSHIRE.R.H
942
_2
udc
_c
BK
999
_c
8109
_d
8109